000 00695nam a2200289Ia 4500
005 20260324140252.0
008 008 260324s9999 xx 000 0 eng d
020 _a9780203055229
037 _aEBOOK
040 _aCRL
040 _beng
040 _cCRL
041 _2eng
041 _aeng
084 _qCRL
100 _aJacqueline Murray
_91140310
245 0 _aConflicted Identities and Multiple Masculinities
245 0 _bMen in the Medieval West
260 _bTaylor and Francis
260 _c1999
365 _a
365 _b230
856 _uhttp://www.taylorfrancis.com/books/9780203055229
942 _cEBOOK
999 _c1805658
_d1805658